[Event "C.to Europeo U12 femminile"]
[Site "Albena BUL"]
[Date "2011.09.11"]
[Round "1"]
[White "Vrtiakova, Anna"]
[Black "Gueci, Tea"]
[Result "1/2-1/2"]
[WhiteElo "1540"]
[BlackElo "1773"]
[PlyCount "70"]
[EventDate "2011.09.11"]

1. e4 c5 2. Nf3 d6 3. Bb5+ Bd7 4. Bxd7+ Qxd7 5. c4 Nc6 6. Nc3 e6 7. O-O Nf6 8.
d4 cxd4 9. Nxd4 Be7 10. Be3 O-O 11. Qe2 Rfd8 12. Rad1 Nxd4 13. Bxd4 Qc6 14. f4
Rac8 15. b3 a6 16. e5 dxe5 17. fxe5 Bc5 18. Bxc5 Qxc5+ 19. Kh1 Nd7 20. Qf3 Nxe5
21. Qxb7 Qa5 22. Na4 Rb8 23. Qe4 Nd7 24. h3 Nf6 25. Qe2 Qg5 26. Rxd8+ Rxd8 27.
Rd1 Rb8 28. Qd2 Qe5 29. Qd6 Qxd6 30. Rxd6 e5 31. Kg1 e4 32. Kf2 Re8 33. Ke3 Nh5
34. g4 Ng3 35. Rd5 g6 1/2-1/2

[Event "C.to Europeo U12 femminile"]
[Site "Albena BUL"]
[Date "2011.09.11"]
[Round "1"]
[White "Mutlu, Beste"]
[Black "Di Benedetto, Desiree"]
[Result "1-0"]
[WhiteElo "1519"]
[BlackElo "1765"]
[PlyCount "137"]
[EventDate "2011.09.11"]

1. e4 e6 2. d4 d5 3. exd5 exd5 4. Bd3 Nc6 5. Ne2 Nf6 6. Nbc3 Be7 7. O-O O-O 8.
h3 a6 9. Be3 Nb4 10. Nf4 Nxd3 11. Qxd3 b6 12. Rfe1 Bb7 13. a3 Qd7 14. Qd1 c5
15. Nd3 c4 16. Ne5 Qc7 17. Qf3 Ne4 18. Bf4 Bd6 19. Nxe4 dxe4 20. Qg3 Rad8 21.
Bh6 f6 22. Qxg7+ Qxg7 23. Bxg7 Kxg7 24. Nxc4 Bc7 25. c3 b5 26. Ne3 Kf7 27. a4
b4 28. Red1 bxc3 29. bxc3 Ba5 30. Ra3 Rc8 31. c4 Bc7 32. d5 Bd6 33. Rb3 Ba8 34.
Rb6 Bc5 35. Rxa6 Bxe3 36. fxe3 Rxc4 37. d6 Rcc8 38. Ra7+ Kg6 39. d7 Rcd8 40.
Rc1 Bd5 41. Rd1 Be6 42. Rd6 Kf7 43. Raa6 Bxd7 44. Rxf6+ Kg7 45. Rxf8 Kxf8 46.
a5 Ke7 47. g4 Rb8 48. Rh6 Rh8 49. a6 Kf7 50. a7 Ra8 51. Rxh7+ Ke6 52. Rh6+ Ke5
53. Ra6 Kd5 54. Kg2 Kc5 55. Kg3 Kb5 56. Ra1 Kb6 57. h4 Bc6 58. g5 Rf8 59. Kg4
Ba8 60. g6 Kc6 61. Rb1 Kc7 62. Rb8 Rxb8 63. axb8=Q+ Kxb8 64. h5 Kc7 65. h6 Kd7
66. h7 Bd5 67. h8=Q Be6+ 68. Kf4 Ke7 69. g7 1-0

[Event "C.to Europeo U12 femminile"]
[Site "Albena BUL"]
[Date "2011.09.13"]
[Round "3"]
[White "Jibuti, Nata"]
[Black "Gueci, Tea"]
[Result "1-0"]
[WhiteElo "1654"]
[BlackElo "1773"]
[PlyCount "81"]
[EventDate "2011.09.11"]

1. e4 c5 2. Nc3 a6 3. g3 b5 4. Bg2 Bb7 5. d3 e6 6. f4 Nc6 7. Nf3 d5 8. O-O Nf6
9. e5 Ng4 10. h3 Nh6 11. g4 Be7 12. Ne2 d4 13. Ng3 Qc7 14. Bd2 Ng8 15. Qe2
O-O-O 16. a4 Bf8 17. axb5 axb5 18. Ng5 h6 19. N5e4 Re8 20. Ra2 f6 21. exf6 Nxf6
22. Nxf6 gxf6 23. Rfa1 Bd6 24. Qf2 Rhg8 25. c3 f5 26. cxd4 fxg4 27. dxc5 Be7
28. Ba5 Qd7 29. Bb6 Bd8 30. Ra8+ Nb8 31. Bxb7+ Qxb7 32. R1a7 Qf3 33. Qxf3 gxf3
34. Kh2 f2 35. Ra1 Bh4 36. Ne4 f1=Q 37. Rxf1 Be7 38. Rfa1 Rd8 39. R1a7 Rd7 40.
Rxb8+ Kxb8 41. Rxd7 1-0

[Event "C.to Europeo U12 femminile"]
[Site "Albena BUL"]
[Date "2011.09.13"]
[Round "3"]
[White "Martynkova, Olena"]
[Black "Di Benedetto, Desiree"]
[Result "1-0"]
[WhiteElo "1599"]
[BlackElo "1765"]
[PlyCount "78"]
[EventDate "2011.09.11"]

1. e4 e6 2. d3 d5 3. Nd2 c5 4. Ngf3 Nf6 5. g3 Nc6 6. Bg2 Be7 7. O-O O-O 8. e5
Nd7 9. Re1 Qc7 10. Qe2 a6 11. Nf1 b5 12. h4 Bb7 13. Bf4 Na7 14. N1h2 c4 15. Ng5
h6 16. Ngf3 c3 17. b3 b4 18. Ng4 Qb6 19. d4 Nb5 20. Qe3 Na3 21. Rac1 a5 22.
Bxh6 gxh6 23. Qxh6 Rfc8 24. Nf6+ Nxf6 25. Qg5+ Kf8 26. exf6 Bxf6 27. Qxf6 Rc6
28. Ng5 Qc7 29. Nxe6+ Rxe6 30. Rxe6 Kg8 31. Re7 Qxe7 32. Qxe7 Bc6 33. Qg5+ Kf8
34. Qh6+ Kg8 35. Qxc6 Rf8 36. Bxd5 Rb8 37. Qc7 Rf8 38. Qxa5 Kg7 39. Qxb4 Ra8
1-0

[Event "C.to Europeo U12 femminile"]
[Site "Albena BUL"]
[Date "2011.09.14"]
[Round "4"]
[White "Gueci, Tea"]
[Black "Loginova, Tatiana"]
[Result "1-0"]
[WhiteElo "1773"]
[BlackElo "1585"]
[PlyCount "85"]
[EventDate "2011.09.11"]

1. e4 c6 2. d4 d5 3. Nc3 dxe4 4. Nxe4 Bf5 5. Nc5 e5 6. Nxb7 Qb6 7. Nc5 exd4 8.
Nb3 c5 9. Nf3 Nf6 10. Bd2 Nc6 11. Bd3 Be6 12. Qe2 Be7 13. O-O O-O 14. Ng5 Bg4
15. f3 Bd7 16. Kh1 h6 17. Ne4 Nd5 18. a4 Ncb4 19. Bc4 Nxc2 20. Ba5 Qc6 21. Qxc2
Ne3 22. Qd3 Nxf1 23. Rxf1 Be6 24. Bb5 Qd5 25. Nbd2 a6 26. Bc4 Qc6 27. b3 Rfb8
28. Bxe6 Qxe6 29. Nc4 Rb7 30. Re1 Qg6 31. Bd2 Rab8 32. Na5 Rc7 33. Bf4 c4 34.
Nxc4 Rcb7 35. Bxb8 Rxb8 36. Qxd4 Rxb3 37. Qd5 Bb4 38. Rd1 Bf8 39. Qd8 Qc6 40.
Ne5 Qxa4 41. Nc5 Rd3 42. Nxa4 Rxd1+ 43. Qxd1 1-0

[Event "C.to Europeo U12 femminile"]
[Site "Albena BUL"]
[Date "2011.09.15"]
[Round "5"]
[White "Antonovich, Tatiana"]
[Black "Gueci, Tea"]
[Result "1-0"]
[WhiteElo "1605"]
[BlackElo "1773"]
[PlyCount "73"]
[EventDate "2011.09.11"]

1. d4 d5 2. Nf3 Nf6 3. e3 c6 4. c4 e6 5. Nbd2 Nbd7 6. b3 Bd6 7. Bb2 b6 8. Bd3
Bb7 9. O-O O-O 10. Ne5 Qc7 11. f4 a5 12. Qe2 a4 13. g4 c5 14. g5 Ne4 15. cxd5
exd5 16. Nxe4 dxe4 17. Bb5 Bxe5 18. dxe5 a3 19. Bc3 Rfd8 20. Rfd1 Nf8 21. Rac1
Ng6 22. Be1 h6 23. gxh6 gxh6 24. Rc2 Kh7 25. Rcd2 Rxd2 26. Qxd2 Rg8 27. Kf1 Bc8
28. Bg3 Bh3+ 29. Ke1 Nh4 30. Be2 Ng2+ 31. Kf2 h5 32. Bxh5 Nh4 33. Qd6 Qa7 34.
Qf6 Ng6 35. f5 Ne7 36. Bxf7 Rg4 37. Rd6 1-0

[Event "C.to Europeo U12 femminile"]
[Site "Albena BUL"]
[Date "2011.09.15"]
[Round "5"]
[White "Jalaghonia, Nino"]
[Black "Di Benedetto, Desiree"]
[Result "1-0"]
[WhiteElo "1612"]
[BlackElo "1765"]
[PlyCount "75"]
[EventDate "2011.09.11"]

1. e4 d5 2. exd5 Qxd5 3. Nc3 Qa5 4. d4 Nf6 5. Bc4 Bf5 6. Bd2 c6 7. Nf3 e6 8. h3
h6 9. O-O Qc7 10. Re1 Be7 11. Ne5 Bd6 12. Bb3 O-O 13. Qf3 Nbd7 14. Bf4 Nb6 15.
g4 Bh7 16. Bxh6 Nfd5 17. Bg5 Nxc3 18. bxc3 Nd5 19. Nc4 a5 20. Nxd6 Qxd6 21. a4
Rac8 22. c4 Nc7 23. c3 Rfe8 24. Bf4 Qd7 25. h4 Na8 26. Rad1 Nb6 27. h5 Qd8 28.
h6 Qf6 29. hxg7 Qxg7 30. Kg2 Bf5 31. g5 f6 32. Qg3 fxg5 33. Bxg5 Kf7 34. f4 Rg8
35. Kf2 c5 36. dxc5 Rxc5 37. Qe3 Rc6 38. c5 1-0

[Event "C.to Europeo U12 femminile"]
[Site "Albena BUL"]
[Date "2011.09.17"]
[Round "6"]
[White "Gueci, Tea"]
[Black "Parhomenko, Margarita"]
[Result "1-0"]
[WhiteElo "1773"]
[BlackElo "1582"]
[PlyCount "95"]
[EventDate "2011.09.11"]

1. e4 c6 2. d4 d5 3. Nc3 dxe4 4. Nxe4 g6 5. h3 Bg7 6. Nf3 Nf6 7. Nxf6+ exf6 8.
Be2 O-O 9. O-O a5 10. Bf4 Na6 11. Qd2 Nc7 12. c4 Re8 13. Rfe1 Bf5 14. Bd3 Bxd3
15. Qxd3 Ne6 16. Be3 Qd6 17. Rad1 Rad8 18. Qb3 Qc7 19. d5 cxd5 20. Bb6 Qxc4 21.
Qxc4 dxc4 22. Rxd8 Rxd8 23. Bxd8 Nxd8 24. Re8+ Bf8 25. Rxd8 Kg7 26. Rb8 Bb4 27.
Rxb7 c3 28. bxc3 Bxc3 29. Kf1 h6 30. Ke2 f5 31. Kd3 Bf6 32. Rb5 Bd8 33. Nd4 Bc7
34. Nc6 a4 35. Rb4 a3 36. Ra4 Bd6 37. Nd4 Bc5 38. Kc4 Be7 39. Nb5 Kf6 40. Nxa3
Ke5 41. Ra7 Ke6 42. Nb5 Bg5 43. a4 Bd8 44. a5 f6 45. a6 Bb6 46. Nd4+ Ke5 47.
Re7+ Kd6 48. a7 1-0

[Event "C.to Europeo U12 femminile"]
[Site "Albena BUL"]
[Date "2011.09.18"]
[Round "7"]
[White "Prakapuk, Vera"]
[Black "Gueci, Tea"]
[Result "0-1"]
[WhiteElo "1561"]
[BlackElo "1773"]
[PlyCount "110"]
[EventDate "2011.09.11"]

1. e4 c5 2. Nc3 a6 3. a4 Nc6 4. Bc4 e6 5. f4 Nge7 6. d3 d5 7. Bb3 dxe4 8. dxe4
Qxd1+ 9. Kxd1 Nd4 10. Bc4 b6 11. Nge2 Bb7 12. Be3 Rd8 13. Kc1 Nec6 14. Rd1 Be7
15. Ng3 h5 16. Nge2 O-O 17. Bf2 Rd7 18. Nxd4 Nxd4 19. Rd2 Rfd8 20. Be3 Bh4 21.
g3 Be7 22. b3 Nf3 23. Rxd7 Rxd7 24. Kb2 Nxh2 25. Rh1 Ng4 26. Bc1 Bf6 27. Rxh5
g6 28. Rh1 Nf2 29. Re1 Nxe4 30. Re3 Nxc3 31. Rxc3 a5 32. Bd3 Bxc3+ 33. Kxc3 Kg7
34. Kd2 Ba6 35. c4 Bb7 36. Ke3 Rd8 37. Be2 Rh8 38. Bd2 Rh1 39. Bc3+ f6 40. g4
Rb1 41. g5 Rxb3 42. gxf6+ Kf7 43. Kd2 Ra3 44. Bd1 Ra2+ 45. Kd3 Bc6 46. Bb3 Ra3
47. Kc2 Bxa4 48. Bxa4 Rxa4 49. Kb3 Rb4+ 50. Bxb4 axb4 51. Ka4 Kxf6 52. Kb5 b3
53. Kxb6 b2 54. Kxc5 b1=Q 55. Kd6 Qd3+ 0-1

[Event "C.to Europeo U12 femminile"]
[Site "Albena BUL"]
[Date "2011.09.19"]
[Round "8"]
[White "Gueci, Tea"]
[Black "Mutlu, Beste"]
[Result "1-0"]
[WhiteElo "1773"]
[BlackElo "1519"]
[PlyCount "61"]
[EventDate "2011.09.11"]

1. e4 c5 2. Nf3 d6 3. d4 cxd4 4. Nxd4 Nf6 5. Nc3 a6 6. Bc4 e6 7. Bb3 Be7 8. Bg5
h6 9. Be3 e5 10. Nf5 Bxf5 11. exf5 O-O 12. g4 Nfd7 13. Qf3 Nc6 14. Rd1 Qa5 15.
h4 Nc5 16. g5 Nxb3 17. axb3 g6 18. gxh6 Kh7 19. h5 e4 20. hxg6+ fxg6 21. fxg6+
Kxg6 22. Qg4+ Kf7 23. Rh5 Qb4 24. Qg7+ Ke8 25. h7 Bf6 26. h8=Q Bxg7 27. Qxg7
Rd8 28. Bh6 Rf7 29. Qg8+ Ke7 30. Bg5+ Ke6 31. Rh6+ 1-0

[Event "C.to Europeo U12 femminile"]
[Site "Albena BUL"]
[Date "2011.09.20"]
[Round "9"]
[White "Kazarian, Anna Maja"]
[Black "Gueci, Tea"]
[Result "1-0"]
[WhiteElo "1745"]
[BlackElo "1773"]
[PlyCount "99"]
[EventDate "2011.09.11"]

1. e4 c5 2. Nf3 d6 3. d4 cxd4 4. Nxd4 Nf6 5. Nc3 a6 6. Be3 e5 7. Nb3 Be6 8. Qd2
Nbd7 9. O-O-O Be7 10. Kb1 b5 11. f4 b4 12. Nd5 Bxd5 13. exd5 a5 14. Bb5 O-O 15.
Bc6 Rc8 16. Rhe1 Qc7 17. h3 Ne4 18. Qd3 Ndf6 19. fxe5 dxe5 20. g4 Nd6 21. Nc5
e4 22. Qe2 Qd8 23. g5 Nfe8 24. Nd7 a4 25. Nxf8 Bxf8 26. Bxa4 Qa5 27. Bb3 Nb5
28. h4 Ned6 29. h5 g6 30. h6 Nf5 31. Qf2 Bd6 32. Bb6 e3 33. Rxe3 Qa6 34. Re4
Bg3 35. Qg1 Bd6 36. Rde1 Bf8 37. Re8 Rxe8 38. Rxe8 Nbd6 39. Re1 Qb7 40. Bc5 Qb5
41. a4 bxa3 42. Bxa3 Qa5 43. c4 Nb7 44. Re8 Nbd6 45. Rb8 Qd2 46. Qc1 Qd3+ 47.
Bc2 Qg3 48. Bxf5 gxf5 49. Qc3 Qg1+ 50. Ka2 1-0